The theory of catering / (Record no. 14394)
[ view plain ]
| 000 -LEADER | |
|---|---|
| fixed length control field | 00627nam a2200205 a 4500 |
| 003 - CONTROL NUMBER IDENTIFIER | |
| control field | PILC |
| 005 - DATE AND TIME OF LATEST TRANSACTION | |
| control field | 20150112093431.0 |
| 008 - FIXED-LENGTH DATA ELEMENTS--GENERAL INFORMATION | |
| fixed length control field | 100719s19uu xx 00 eng d |
| 020 ## - INTERNATIONAL STANDARD BOOK NUMBER | |
| International Standard Book Number | 0340496533 |
| 050 ## - LIBRARY OF CONGRESS CALL NUMBER | |
| Classification number | TX 943 |
| Item number | .K56 1984 |
| 082 ## - DEWEY DECIMAL CLASSIFICATION NUMBER | |
| Classification number | HSF 647.47 |
| Item number | K62 1989 |
| 100 ## - MAIN ENTRY--PERSONAL NAME | |
| Personal name | Kinton, Ronald |
| 9 (RLIN) | 11206 |
| 245 ## - TITLE STATEMENT | |
| Title | The theory of catering / |
| Statement of responsibility, etc | Ronald Kinton, Victor Ceserani |
| 250 ## - EDITION STATEMENT | |
| Edition statement | 5th ed. |
| 260 ## - PUBLICATION, DISTRIBUTION, ETC. (IMPRINT) | |
| Place of publication, distribution, etc | Bedford Square, London : |
| Name of publisher, distributor, etc | Edward Arnold Publishers Ltd, |
| Date of publication, distribution, etc | 1984. |
| 300 ## - PHYSICAL DESCRIPTION | |
| Extent | 451 pages : |
| Other physical details | illustration ; |
| Dimensions | 21 cm. |
| 650 ## - SUBJECT ADDED ENTRY--TOPICAL TERM | |
| Topical term or geographic name as entry element | Caterer and catering |
| 9 (RLIN) | 11207 |
| 700 ## - ADDED ENTRY--PERSONAL NAME | |
| Personal name | Cesarani, Victor |
| 9 (RLIN) | 11208 |
| 942 ## - ADDED ENTRY ELEMENTS (KOHA) | |
| Source of classification or shelving scheme | Library of Congress Classification |
| Koha item type | Books |
| Withdrawn status | Lost status | Source of classification or shelving scheme | Damaged status | Home library | Current library | Shelving location | Date acquired | Total Checkouts | Full call number | Barcode | Date last seen | Copy number | Price effective from | Koha item type |
|---|---|---|---|---|---|---|---|---|---|---|---|---|---|---|
| Library of Congress Classification | Southville International School Affiliated with Foreign Universities Library | Southville International School Affiliated with Foreign Universities Library | Southville Foreign University Section | 08/16/2013 | TX 943 .K53 1989 | SFU0612 | 05/15/2018 | 1 | 08/16/2013 | Books | ||||
| Library of Congress Classification | Southville International School Affiliated with Foreign Universities Library | Southville International School Affiliated with Foreign Universities Library | Southville Foreign University Section | 08/16/2013 | TX 943 .K53 1989 | SFU0621 | 05/15/2018 | 2 | 08/16/2013 | Books | ||||
| Library of Congress Classification | Southville International School Affiliated with Foreign Universities Library | Southville International School Affiliated with Foreign Universities Library | Southville Foreign University Section | 08/16/2013 | TX 943 .K53 1989 | SFU0622 | 05/15/2018 | 3 | 08/16/2013 | Books | ||||
| Library of Congress Classification | Southville International School Affiliated with Foreign Universities Library | Southville International School Affiliated with Foreign Universities Library | Southville Foreign University Section | 08/17/2013 | TX 943 .K53 1984 | SFU0611 | 05/15/2018 | 1 | 08/17/2013 | Books |